| 000 | 00883nam a22002657a 4500 | ||
|---|---|---|---|
| 005 | 20150414093118.0 | ||
| 008 | 070726s2007 nyua 001 0 eng d | ||
| 020 | _a9780072259605 | ||
| 041 | 0 | _aeng | |
| 080 | _a004 | ||
| 100 | 1 | _aKoletzke, Peter. | |
| 245 | 1 | 0 |
_aOracle JDeveloper 10g for forms & PL/SQL developers / _cPeter Koletzke, Duncan Mills. |
| 246 | 1 | 4 |
_aOracle JDeveloper 10g for forms & PL/SQL developers : _ba guide to J2ee development with Oracle ADF |
| 246 | 3 | _aOracle JDeveloper 10g for forms and PL/SQL developers | |
| 246 | 3 | _aGuide to J2ee development with Oracle ADF | |
| 260 |
_aNew York : _bMcGraw-Hill, _c2007. |
||
| 300 |
_a562 f. : _bme il.; _c23 cm. |
||
| 505 | _aIndex: f. 541 - 562 | ||
| 630 | 0 | 0 | _aOracle JDeveloper, |
| 650 | 0 | _aKompjuterat | |
| 650 | 0 | _aGjuha programuese | |
| 650 | 0 | _aSoftware | |
| 700 | 1 | _aMills, Duncan. | |
| 942 |
_2udc _cBK |
||
| 999 |
_c693 _d693 |
||